Sims 4 Family's Quiz - Statistics

General Stats
  • This quiz has been taken 122 times
    7 since last reset
  • The average score is 7 of 15
Answer Stats
Family Members Household Name % Correct
Eliza and Bob Pancake
100%
Bella, Mortimer, Cassandra, Alex Goth
86%
Geoffrey, Nancy, Malcom Landgraab
86%
Travis, Summer, Liberty BFF
71%
Katrina, Dina, Nina, Don Lathario Caliente
71%
Thorne, Octavia, Orange Bailey-Moon
57%
Angela and Lilith Pleasant
57%
Jaques, Hugo, Luna, Max Villareal
57%
Lily and Victor Feng
43%
Arun and Jesminder Bheeda
29%
Brent and Brant Hecking
29%
Supriya, Justin, Pierce, Evie Delgato
14%
Mei, Molly, Amy, Tai Prescott
14%
Zoe, Mitchell, J , Gavin Roomies
14%
Dennis, Alice, Eric, Olivia Spencer-Kim-Lewis
14%
No matching quizzes found
Score Distribution
Percent of People with Each Score
Percentile by Number Answered
Your Score History
You have not taken this quiz since the last reset